Una filosofía del derecho en modelos históricos: de la antigüedad a los inicios del constitucionalismo
Guardat en:
| Autor principal: | |
|---|---|
| Format: | Llibre |
| Idioma: | espanyol |
| Publicat: |
Madrid
Trotta
2002
|
| Col·lecció: | Colección Estructuras y Procesos. Serie Derecho
|
| Matèries: | |
| Etiquetes: |
Afegir etiqueta
Sense etiquetes, Sigues el primer a etiquetar aquest registre!
|
MARC
| LEADER | 00000nam a2200000 a 4500 | ||
|---|---|---|---|
| 001 | UCL4003 | ||
| 003 | CL-VaPUC | ||
| 008 | 031219e20020000SP |||||||||||||||||spa|d | ||
| 020 | |a 8481645702 | ||
| 082 | 0 | 4 | |a 340.1 |b RUI |2 21 |
| 100 | 0 | |a Ruiz Miguel, Alfonso |e author |9 481456 | |
| 245 | 1 | 4 | |a Una filosofía del derecho en modelos históricos: de la antigüedad a los inicios del constitucionalismo |
| 300 | |a 328 p | ||
| 942 | |c BK | ||
| 945 | |d 20031219 00:00:00 |a cmena | ||
| 260 | |a Madrid |b Trotta |c 2002 | ||
| 650 | 0 | |a Filosofía del derecho |9 255050 | |
| 650 | 0 | |a Escuelas filosóficas |9 266232 | |
| 650 | 0 | |a Iusnaturalismo |9 393557 | |
| 583 | |a last modification |c 20031219 00:00:00 |k Rodrigo Vera | ||
| 490 | 0 | |a Colección Estructuras y Procesos. Serie Derecho | |
| 999 | |c 306962 |d 306960 | ||
| 952 | |0 0 |1 0 |4 0 |6 340_100000000000000_RUI_2002 |7 0 |8 DER_TF |9 372422 |a BIBDER |b BIBDER |d 2019-11-21 |i 3913015 |o 340.1 RUI 2002 |p 3913015 |r 2023-01-25 |w 2019-11-21 |x Ubicación 4to Piso |y BK |z Estos recursos deben solicitarse con anticipación |k DER | ||